000 00308nam a22001337a 4500
008 170504b xxu||||| |||| 00| 0 eng d
020 _a9781552390276
041 _aeng
080 _a34
100 _a14
101 _aSHJ
245 _aCONFLICT MANAGEMENT IN LAW ENFORCEMENT
_cPARDY.J
942 _2udc
_cBK
999 _c12687
_d12687